000 01204nam a22002897a 4500
005 20160113104326.0
008 910305s1990 ck ab r 00010 spa d
020 _a958912917X
040 _aCO-BoIAVH
_cCO-BoIAVH
041 0 _aspa
044 _ack
082 0 4 _a574.5
_bB46
245 0 0 _aBiota y ecosistemas de Gorgona /
_cfotografías Fernando Urbina, Jorge Mario Múnera, Orlando Rangel.
260 _aBogotá
_bFondo para la Protección del Medio Ambiente FEN Colombia
_c1990.
300 _a303 p. :
_bil. [algunas col.], mapas ;
_c28 cm.
504 _aIncluye bibliografía.
505 0 _aClima, geología y suelos, biología del suelo, vegetación, fauna, biodiversidad en aguas dulces de la Isla, caracterización ecológica.
650 _aEcología
_z Gorgona (Isla, Colombia)
651 _aGorgona (Isla, Colombia)
_x Descripción.
700 1 _aAguirre C., Jaime,
_eed.
700 1 _aRangel Ch., J. Orlando,
_eed.
700 1 _aRico de Brieva, Eugenia,
_eil.
700 1 _aCruz, Rafael,
_eil.
700 1 _aUrbina Rangel, Fernando,
_d1939-,
_eil.
700 1 _aMúnera, Jorge Mario,
_d1953-,
_eil.
942 _2ddc
_cLIBRO
999 _c8281
_d8281